Responses for Show #4098 - Wednesday, May 29, 2002

Jill Bunzendahl Chimka game 2.

Contestants

[<< previous game]

Patti Rogers, a registered nurse from Houston, Texas

Harrison Bell, an attorney from Charleston, South Carolina

Jill Bunzendahl Chimka, a speech and language pathologist from Washington, D.C. (whose 1-day cash winnings total $15,700)

[next game >>]

Jeopardy! Round responses

CHEMISTRY EXPERIMENTS
5 PEOPLE WHO'VE NEVER BEEN IN MY KITCHEN
FIRST NAME'S THE SAME
PEACETIME HISTORY
SURPRISING ROCKERS
LOUSY SCRABBLE WORDS
    $200 11
bubbles

Jill
    $200 1
Paul Revere

Harrison
    $200 22
Harry

Jill
    $200 12
prime minister

Harrison
    $200 6
Elvira

Jill
    $200 17
lie

Jill
    $400 27
dissolve

Harrison
    $400 2
Kathie Lee Gifford

Patti
    $400 23
Mary

Jill
    $400 13
Venezuela

Harrison
    $400 7
Law & Order

Jill
    $400 18
nor

Jill
    $600 28
rust

Jill
    $600 3
Napoleon Bonaparte

Harrison
    $600 24
Gary

Harrison
    $600 14
civil service

Patti
    $600 8
Peggy Lipton

Patti
    $600 19
ton

Harrison
    $800 29
acids

Harrison
    $800 4
Ernest Hemingway

Jill
    $800 25
Larry

Harrison
    $1,300 15
(Patti: What's laissez-faire?)

Reaganomics

Patti
    $800 9
Stockard Channing

Jill
    $800 20
rut

Jill
    $1000 30
(Harrison: What is silicon?)

sulfur

Harrison
Triple Stumper
    $1000 5
Giuseppe Garibaldi

Triple Stumper
    $1000 26
Terry

Jill
    $1000 16
confederation

Triple Stumper
    $1000 10
Bernadette Peters

Patti
    $1000 21
strain

Jill

Scores at the first commercial break (after clue 15):

Jill Harrison Patti
$2,400 $1,400 $1,300

Scores at the end of the Jeopardy! Round:

Jill Harrison Patti
$7,000 $3,600 $1,300

Double Jeopardy! Round responses

AMERICAN POETS
GRAVE MATTERS
"A"
LANDMARKS
AL PACINO MOVIES
SAY HELLO TO MY LITTLE FRIEND!
    $400 26
Allen

Patti
    $400 21
Jesse James

Harrison
    $400 6
audience

Patti
    $400 11
Asia

Patti
    $400 16
The Godfather

Jill
    $400 1
gibbon

Triple Stumper
    $800 27
(Walt) Whitman

Patti
    $800 22
James Dean

Jill
    $800 7
Angora

Jill
    $800 12
Uruguay

Harrison
    $800 17
Dick Tracy

Patti
    $800 2
shark

Harrison
    $1200 28
Bryant

Jill
    $1200 23
Tiny Tim

Patti
    $1200 8
Augusta

Harrison
    $1200 13
Georgia

Jill
    $1200 18
Glengarry Glen Ross

Harrison
    $1200 3
shrew

Patti
    $1600 29
The Confederate Dead

Triple Stumper
    $3,000 24
Siamese twins (Chang & Eng Bunker)

Patti
    $1600 9
avocado

Patti
    $1600 14
Cook County

Jill
    $1600 19
Sea of Love

Harrison
    $1600 4
armadillo

Patti
    $2,000 30
(Jill: Who is Emily Dickinson?)

Edna St. Vincent Millay

Jill
    $2000 25
James Joyce

Triple Stumper
    $2000 10
Anthrax

Jill
    $2000 15
Detroit

Harrison
    $2000 20
Looking For Richard

Triple Stumper
    $2000 5
vicuna

Triple Stumper

Scores at the end of the Double Jeopardy! Round:

Jill Harrison Patti
$13,000 $11,600 $12,700

[wagering suggestions for these scores]

Final Jeopardy! Round responses

LITERATURE & GEOGRAPHY
(Alex: The novel was written by James Hilton and [*] is the place in Lost Horizon.)
HarrisonWhat is Shangri-La?
$1,401
PattiWhat is Oz?
$11,601
JillWhat is Shangra-La?
$12,999
Shangri-La

Final scores:

Jill Harrison Patti
$25,999 $13,001 $1,099
2-day champion: $41,699 2nd place: $2,000 3rd place: $1,000

Game dynamics:

Coryat scores:

Jill Harrison Patti
$15,000 $11,600 $12,600
20 R,
1 W
(including 1 DD)
16 R,
1 W
14 R
(including 1 DD),
1 W
(including 1 DD)

Combined Coryat: $39,200

[game clues] [game scores] [suggest correction]

Game tape date: 2002-02-04
The J! Archive is created by fans, for fans. Scraping, republication, monetization, and malicious use prohibited; this site may use cookies and collect identifying information. See terms. The Jeopardy! game show and all elements thereof, including but not limited to copyright and trademark thereto, are the property of Jeopardy Productions, Inc. and are protected under law. This website is not affiliated with, sponsored by, or operated by Jeopardy Productions, Inc. Join the discussion at JBoard.tv.